हिन्दी ललित निबन्धों का सांस्कृतिक तथा ऐतिहासिक अध्ययन / (Record no. 45518)

MARC details
000 -LEADER
fixed length control field 01199nam a22002537a 4500
005 - DATE AND TIME OF LATEST TRANSACTION
control field 20100910150449.0
008 - FIXED-LENGTH DATA ELEMENTS--GENERAL INFORMATION
fixed length control field 100910t xxu||||| |||| 00| 0 hin d
010 ## - LCCN (DPL NO)
LC control number HIN-90460
020 ## - INTERNATIONAL STANDARD BOOK NUMBER
Terms of availability 400.00
International Standard Book Number 9789380511030
035 ## - SYSTEM CONTROL NUMBER
System control number HN-62806
037 ## - SOURCE OF ACQUISITION
Source of stock number/acquisition DBAD / PUB
040 b# - CATALOGING SOURCE
Original cataloging agency DPL
Language of cataloging HN
082 ## - DEWEY DECIMAL CLASSIFICATION NUMBER
Classification number 824.9
100 ## - MAIN ENTRY--PERSONAL NAME
9 (RLIN) 19362
Personal name वट्टमवार, श्रीरंग पांडूरंग
245 ## - TITLE STATEMENT
Title हिन्दी ललित निबन्धों का सांस्कृतिक तथा ऐतिहासिक अध्ययन /
Statement of responsibility, etc श्रीरंग पांडूरंग वट्टमवार
260 ## - PUBLICATION, DISTRIBUTION, ETC. (IMPRINT)
Place of publication, distribution, etc कानपुर
Name of publisher, distributor, etc समता प्रकाशन
Date of publication, distribution, etc 2010
270 ## - ADDRESS
City कानपुर (देहात)
Address बजरंगनगर, रूरा
Postal code 209303
Telephone number 09450139012
300 ## - PHYSICAL DESCRIPTION
Extent 192पृ.
Dimensions 22सेमी (सजिल्द)
650 ## - SUBJECT ADDED ENTRY--TOPICAL TERM
9 (RLIN) 1169
700 ## - ADDED ENTRY--PERSONAL NAME
9 (RLIN) 19359
700 ## - ADDED ENTRY--PERSONAL NAME
9 (RLIN) 19788
942 ## - ADDED ENTRY ELEMENTS (KOHA)
Source of classification or shelving scheme Dewey Decimal Classification
Item type Hindi Books
Call number suffix वट्टम
Classification part 824.9
Holdings
Withdrawn status Lost status Source of classification or shelving scheme Damaged status Not for loan Collection code Home library Current library Date acquired Source of acquisition Cost, normal purchase price Total Checkouts Full call number Barcode Date last seen Copy number Cost, replacement price Koha item type
    Dewey Decimal Classification   Not For Loan Non-fiction D.B.Act.Division D.B.Act.Division 13/09/2010 DBAD / PUB 400.00   824.9 वट्टम HN-62806 13/09/2010 1 400.00 Hindi Books

© Delhi Public Library
Hit Counter
free hit counter